|
|
|
|
| LEADER |
00000naa2a2200000 4500 |
| 001 |
385079 |
| 005 |
20231101063327.0 |
| 035 |
|
|
|a (RuTPU)RU\TPU\prd\12534
|
| 090 |
|
|
|a 385079
|
| 100 |
|
|
|a 20030410a2003 k y0rusy50 ca
|
| 101 |
0 |
|
|a rus
|
| 102 |
|
|
|a RU
|
| 200 |
1 |
|
|a Борьба с гололёдом
|f В. Благутина
|
| 225 |
1 |
|
|a Вещи и вещества
|
| 461 |
|
1 |
|0 (RuTPU)RU\TPU\prd\1643
|t Химия и жизнь - XXI век
|o научно-популярный журнал
|f ИнформНаука
|d 1996-
|
| 463 |
|
1 |
|0 (RuTPU)RU\TPU\prd\12364
|t № 2
|v С. 21-23
|d 2003
|
| 610 |
1 |
|
|a гололёд
|
| 610 |
1 |
|
|a химические предприятия
|
| 610 |
1 |
|
|a противогололёдные материалы
|
| 700 |
|
1 |
|a Благутина
|b В.
|
| 801 |
|
1 |
|a RU
|b 63413507
|c 20030410
|g PSBO
|
| 801 |
|
2 |
|a RU
|b 63413507
|c 20120903
|g RCR
|
| 942 |
|
|
|c BK
|